00491 2200193 4500001002100000005001500021008004100036020002200077035001900099041000700118082000800125090001400133100001900147245003200166250001500198260003600213300003200249650001600281INLIS00000000000238720241224112529241224||||||||| | ||| |||| || |  a978-979-665-613-4 0010-1224002387 aid0 a410 a410 MAN l0 aMansoer Pateda00aLinguistik Sebuah Pengantar aEd. Revisi aBandungbPenerbit Angkasac2011 aiv, 128 hlm.; 14, 5 x 21 cm 0aIlmu Bahasa